• 首页
  • 本馆介绍
  • 公告通知
  • 最新文献
  • 馆藏检索
  • 电子资源
  • 读者导购
  • 参考咨询
  • 我的图书馆
  • 登录
  • 详细信息显示
  • 放入我的书架
  • 预约/预借图书
  • 作者相关作品
  • 分类相关作品
  • 丛书相关作品
  • 出版社相关作品

书目信息

  • 表格格式
  • 工作单格式
  • 卡片格式
题名:
大学生心理适应指南
    
 
作者: 张革 主编
分册:  
出版信息: 北京   北京工业大学出版社  2010
页数: 315页
开本: 24cm
丛书名:
单 册:
中图分类: B844.2 , G647.9
科图分类:
主题词: 大学生--心理健康--健康教育--基本知识 , 大学生 , 心理健康 , 健康教育
电子资源:
ISBN: 978-7-5639-2259-8
000 00856nam0 2200277 45
001 1129227562
005 20110420101647.95
010    @a978-7-5639-2259-8@dCNY29.80
100    @a20110414d2010 em y0chiy0110 ea
101 0  @achi
102    @aCN@b110000
105    @aa z 000yy
106    @ar
200 1  @a大学生心理适应指南@ADa Xue Sheng Xin Li Shi Ying Zhi Nan@f张革主编@FZhang Ge Zhu Bian
210    @a北京@c北京工业大学出版社@d2010
215    @a315页@c图@d24cm
330    @a本书介绍了大学时代的生活、需要培养的能力与人格、面对各种压力时的应对态度与方法,等等内容。
606 0  @a大学生@x心理健康@x健康教育@x基本知识
606 0  @a大学生
606 0  @a心理健康
606 0  @a健康教育
690    @aB844.2@v4
690    @aG647.9@v4
701  0 @a张革@AZhang Ge@4主编
801  0 @aCN@bTANGWEI@c20110420
905    @b0537400-04@dB844.2@e1065@f5
    
    大学生心理适应指南/张革主编.-北京:北京工业大学出版社,2010
    315页:图;24cm
    
    
    ISBN 978-7-5639-2259-8:CNY29.80
    本书介绍了大学时代的生活、需要培养的能力与人格、面对各种压力时的应对态度与方法,等等内容。
●
相关链接 在E读中查询图书 在五车中查询图书 在当当中查询图书 在豆瓣中查询图书


正题名:大学生心理适应指南     索取号:B844.2/1065         预约/预借

序号 登录号 条形码 馆藏地/架位号 状态 备注
1 0537400   205374003   第一样本阅览室/ [索取号:B844.2/1065] 在馆    
2 0537401   205374012   第一借阅区/ [索取号:B844.2/1065] 在馆    
3 0537402   205374021   第一借阅区/ [索取号:B844.2/1065] 在馆    
4 0537403   205374030   第一借阅区/ [索取号:B844.2/1065] 在馆    
5 0537404   205374049   第一借阅区/ [索取号:B844.2/1065] 在馆    
唐山师范学院图书馆 欢迎您!
大连网信软件有限公司© 版权所有